|
|
|
|
| LEADER |
00000cam a2200000 7i4500 |
| 001 |
0000014059 |
| 005 |
20080306.0 |
| 008 |
080306 |
| 020 |
|
|
|a 9832311292
|
| 090 |
0 |
0 |
|a 418.02
|b ABD
|
| 100 |
0 |
|
|a Abdullah Hassan
|
| 245 |
1 |
0 |
|a Teori dan teknik terjemahan
|c Abdullah Hassan, Ainon Mohd
|
| 260 |
|
|
|a Kuala Lumpur :
|b PTS Publication & Distributors ,
|c 2001
|
| 650 |
|
0 |
|a Translating and interpreting
|
| 700 |
0 |
|
|a Ainon Mohd
|
| 999 |
|
|
|a 0000922978
|b Book
|c Adult Collection
|e Cawangan Bukit Gambir
|
| 999 |
|
|
|a 0000922979
|b Book
|c Adult Collection
|e Cawangan Bukit Gambir
|
| 999 |
|
|
|a 0001012980
|b Book
|c Adult Collection
|e Perbadanan Perpustakaan Awam Johor
|
| 999 |
|
|
|a 0001012990
|b Book
|c Adult Collection
|e Perbadanan Perpustakaan Awam Johor
|
| 999 |
|
|
|a 0001012991
|b Book
|c Adult Collection
|e Cawangan Mersing
|